Las Islas Samoa y el conflicto americano alemán / (Record no. 165218)

MARC details
000 -LEADER
campo de control de longitud fija 00918nam a2200217 i 4500
001 - NÚMERO DE CONTROL
campo de control 165218
003 - IDENTIFICADOR DE NÚMERO DE CONTROL
campo de control ES-MaACL
005 - FECHA Y HORA DE LA ÚLTIMA TRANSACCIÓN
campo de control 20230906213105.0
008 - DATOS DE LONGITUD FIJA--INFORMACIÓN GENERAL
campo de control de longitud fija 011126s1889 sp |||| | spa d
040 ## - FUENTE DE CATALOGACIÓN
Centro catalogador/agencia de origen CCPB | B
Lengua de catalogación spa
Centro/agencia transcriptor CCPB | B
100 1# - ENTRADA PRINCIPAL--NOMBRE DE PERSONA
Nombre de persona Sérignan, Arthur de Lort
Títulos y otros términos asociados al nombre Comte de.
9 (RLIN) 133097
245 14 - MENCIÓN DEL TÍTULO
Título Las Islas Samoa y el conflicto americano alemán /
Mención de responsabilidad, etc. por Arthur de Lort Conde de Serignan ; versión española del autor.
260 ## - PUBLICACIÓN, DISTRIBUCIÓN, ETC.
Lugar de publicación, distribución, etc. Barcelona :
Nombre del editor, distribuidor, etc. Revista Cientifico-Militar y Biblioteca Militar,
Fecha de publicación, distribución, etc. 1889 (
Lugar de fabricación/manufactura Paris :
Fabricante Imp. Noizette)
300 ## - DESCRIPCIÓN FÍSICA
Extensión [4], 29 p. ;
Dimensiones 24 cm.
490 1# - MENCIÓN DE SERIE
Mención de serie Publicaciones de la Revista Científico-Militar
651 #4 - PUNTO DE ACCESO ADICIONAL DE MATERIA--NOMBRE GEOGRÁFICO
Nombre geográfico Samoa-
Subdivisión general Historia.
9 (RLIN) 137354
830 0# - PUNTO DE ACCESO ADICIONAL DE SERIE-TÍTULO UNIFORME
Título uniforme Publicaciones de la Revista Científico-Militar
9 (RLIN) 181177
852 ## - LOCALIZACIÓN
Ubicación ES-MaACL
Número de control de estantería T-505-F-6
Nota libre -- Enc. hol. conservando la cub. original
-- -- Enc. en un vol. facticio
Holdings
Estatus retirado Estado de pérdida Estado de daño No para préstamo Colección Biblioteca de origen Biblioteca actual Ubicación en estantería Fecha de adquisición Total de préstamos Signatura topográfica completa Código de barras Visto por última vez Precio de reemplazo Tipo de ítem Koha
        Colección de folletos Biblioteca del Ateneo de Madrid Biblioteca del Ateneo de Madrid Depósito folletos 17/01/2008   T-505-F-6 1173247 23/02/2023 23/02/2023 Folleto